Quoi de 9? - Puzzle de mots #4 - Statistiques

Statistiques générales
  • Ce quiz a été pris 5 593 fois
  • Le résultat moyen est 5 sur 7
Statistiques - réponses
# Réponse % Correct
3 Eté | Tee
100%
4 Etre | Tere
97%
5 Enter | Entre | Réent | Rente | Terne
95%
6 Enture | Eurent | Neutre | Retenu | Teneur | Tenure
84%
7 Eternue | Retenue
48%
8 Entre-eux | Exténuer
25%
9 Ténébreux
14%
Aucun quiz correspondant
Distribution des résultats
% des personnes avec chaque résultat
Percentile par nombre de réponses
Votre historique - résultats
Vous n’avez pas pris ce quiz